000 00552nmm a2200169Ia 4500
008 251105s9999||||xx |||||||||||||||||und||
020 _a9788484893721
041 _aspa
100 _aGarcés Gómez, María Pilar (ed.)
245 0 _aLa organización del discurso: marcadores de ordenación y de reformulación.
264 _a[Madrid, España] :
_bIberoamericana Vervuert,
_c2008
300 _a170 páginas
490 _aLingüística Iberoamericana
650 _aGrammar
856 _uhttps://public.digitaliapublishing.com/a/18334
942 _cCF
999 _c86592
_d86592